[Event "ch-ISL 2017"]
[Site "Hafnarfjordur ISL"]
[Date "2017.05.10"]
[Round "1.2"]
[White "Birkisson, Bardur Orn"]
[Black "Kjartansson, Gudmundur"]
[Result "1/2-1/2"]
[BlackTitle "IM"]
[WhiteElo "2162"]
[BlackElo "2437"]
[WhiteFideId "2310597"]
[BlackFideId "2301318"]
[EventDate "2017.05.10"]

1. d4 Nf6 2. Nf3 e6 3. Bg5 h6 4. Bh4 c5 5. e3 b6 6. Nbd2 Bb7 7. Bd3 Be7 8. O-O
Nc6 9. c3 O-O 10. Qe2 cxd4 11. exd4 Nh5 12. Bxe7 Nxe7 13. g3 f5 14. Ne5 Nf6 15.
Ndc4 Qc7 16. f4 Rae8 17. Nf3 Ng6 18. Nce5 Nh8 19. Bb5 Re7 20. Qc4 Qxc4 21. Bxc4
d6 22. Nd3 Ne4 23. d5 exd5 24. Bb3 Nc5 25. Nb4 Nxb3 26. axb3 a5 27. Nc2 Ba6 28.
Rf2 Bd3 29. Nfd4 g5 30. b4 a4 31. Rxa4 gxf4 32. Rxf4 Ng6 33. Rf2 f4 34. Ra1 Ref7
35. Rd1 Be4 36. Rff1 h5 37. Rd2 h4 38. Ne6 fxg3 39. Nxf8 Rxf1+ 40. Kxf1 Nf4 41.
hxg3 hxg3 42. Nd7 g2+ 43. Rxg2+ Bxg2+ 44. Kf2 Be4 45. Nf6+ Kf7 46. Nxe4 dxe4 47.
Ke3 Nd3 48. Kxe4 Nxb2 49. Kd5 Ke7 50. Kc6 Ke6 51. Ne3 Ke5 52. Nd5 b5 53. Nc7 Na4
54. Nxb5 d5 55. Kd7 d4 56. cxd4+ Kd5 57. Kc7 Kc4 58. Kc6 Kxb4 59. d5 Nb2 60. Nd4
Kc3 61. Nf3 Nc4 62. Kc5 Na5 63. Ne5 Nb7+ 64. Kc6 Nd8+ 65. Kd6 Nb7+ 66. Kc6 Nd8+
67. Kd7 Kd4 68. Nc6+ Kxd5 1/2-1/2

[Event "ch-ISL 2017"]
[Site "Hafnarfjordur ISL"]
[Date "2017.05.10"]
[Round "1.3"]
[White "Stefansson, Vignir Vatnar"]
[Black "Bjornsson, Sigurbjorn"]
[Result "1/2-1/2"]
[WhiteTitle "FM"]
[BlackTitle "FM"]
[WhiteElo "2334"]
[BlackElo "2268"]
[WhiteFideId "2308649"]
[BlackFideId "2300974"]
[EventDate "2017.05.10"]

1. d4 Nf6 2. c4 g6 3. Nc3 Bg7 4. e4 d6 5. Be2 O-O 6. Be3 e5 7. d5 Na6 8. g4 Nc5
9. f3 a5 10. Nh3 c6 11. Nf2 cxd5 12. cxd5 Bd7 13. h4 a4 14. Nd3 Nxd3+ 15. Qxd3
Qa5 16. a3 h5 17. Rg1 Rac8 18. Kf1 b5 19. g5 Nh7 20. Nxb5 f5 21. gxf6 Rxf6 22.
Nc3 Rcf8 23. Rg3 Qd8 24. Kg2 Kh8 25. Rh1 Qe8 26. Bd1 Qf7 27. Qe2 Ra8 28. Kg1 Bf8
29. Qg2 Be7 30. Rh2 Nf8 31. Qd2 Nh7 32. Rgg2 Bg4 33. Bg5 Rxf3 34. Bxf3 Bxg5 35.
hxg5 Bxf3 36. Rf2 Rf8 37. Rh3 Qa7 38. Kf1 Bg4 39. Rxf8+ Nxf8 40. Rh2 Qe7 41. Nb5
Nd7 42. Rf2 Nc5 43. Qe3 Qb7 44. Nc3 Kg7 45. Kg1 Qe7 46. Rf1 Bc8 47. Rf6 Ba6 48.
Qh3 Qc7 49. Qe3 Qe7 50. Kh2 Qd7 51. Qf3 Qe7 52. Ne2 Bxe2 53. Qxe2 Nd7 54. Re6
Qxg5 55. Qf3 Nf6 56. Rxd6 Qh4+ 57. Kg2 Nxe4 58. Rd7+ Kh6 59. Qf8+ Kg5 60. Qe7+
Nf6 61. Qxe5+ Kh6 62. Qe3+ g5 63. Rd6 Qg4+ 64. Kf2 Qh4+ 65. Qg3 Qd4+ 66. Ke1 Kg6
67. Re6 Qxb2 68. Qe5 Qc1+ 69. Kf2 Qd2+ 70. Kf1 Qd1+ 71. Kf2 Qd2+ 72. Kf1 Qd1+
73. Kf2 1/2-1/2

[Event "ch-ISL 2017"]
[Site "Hafnarfjordur ISL"]
[Date "2017.05.10"]
[Round "1.4"]
[White "Kjartansson, David"]
[Black "Gislason, Gudmundur"]
[Result "1/2-1/2"]
[WhiteTitle "FM"]
[BlackTitle "FM"]
[WhiteElo "2389"]
[BlackElo "2336"]
[WhiteFideId "2301130"]
[BlackFideId "2300559"]
[EventDate "2017.05.10"]

1. e4 g6 2. d4 Bg7 3. Nf3 d6 4. Nc3 Bg4 5. Be3 Nc6 6. Bb5 a6 7. Bxc6+ bxc6 8. h3
Bd7 9. Qd2 Rb8 10. Rb1 h6 11. O-O Qc8 12. Rfe1 Nf6 13. Bf4 g5 14. Bh2 O-O 15.
Kh1 g4 16. hxg4 Nxg4 17. Bg3 Qe8 18. e5 f5 19. Kg1 Qf7 20. Ne2 Be6 21. b3 Bd5
22. Nf4 Bxf3 23. e6 Qe8 24. gxf3 Nf6 25. Rbd1 Nh5 26. c4 Bf6 27. Ng2 Qg6 28. Kh2
Kh7 29. f4 Nxg3 30. fxg3 Rg8 31. Re3 Qh5+ 32. Kg1 c5 33. dxc5 dxc5 34. Qe2 Qh3
35. Kf2 Rbd8 36. Rxd8 Rxd8 37. Rd3 Rxd3 38. Qxd3 Bd4+ 39. Ke1 Kg7 40. Nh4 Kf6
41. b4 Qh1+ 42. Kd2 Qe4 43. b5 a5 44. Qxe4 fxe4 45. Ke2 h5 46. a4 Kxe6 47. Kf1
Kf6 48. Ke2 e6 49. Kf1 e5 50. Ng2 exf4 51. Nxf4 Be5 52. Nd5+ Kg5 53. Kg2 Bd6 54.
Ne3 Kf6 55. g4 hxg4 56. Nxg4+ Kf5 57. Ne3+ Ke6 58. Kf2 Ke5 59. Ke2 Be7 60. Nc2
Bg5 61. Kf2 Bc1 62. Ke2 Kf4 63. Na1 Ba3 64. Nc2 Bb2 65. Ne3 Ke5 66. Nd5 Kd4 67.
Nxc7 Kxc4 68. Ke3 Be5 69. b6 Kb3 70. Kxe4 Bh2 71. Na6 c4 72. Nc5+ Kb4 73. Kd5 c3
74. Nd3+ Kb3 75. b7 c2 76. Kd4 Bb8 77. Nc1+ Kxa4 78. Kc3 Kb5 79. Kxc2 1/2-1/2

[Event "ch-ISL 2017"]
[Site "Hafnarfjordur ISL"]
[Date "2017.05.10"]
[Round "1.5"]
[White "Ragnarsson, Dagur"]
[Black "Stefansson, Hannes"]
[Result "1/2-1/2"]
[WhiteTitle "FM"]
[BlackTitle "GM"]
[WhiteElo "2320"]
[BlackElo "2566"]
[WhiteFideId "2304058"]
[BlackFideId "2300087"]
[EventDate "2017.05.10"]

1. e4 c5 2. Nf3 e6 3. b3 b6 4. Bb2 Bb7 5. Qe2 Nc6 6. Nc3 a6 7. O-O-O Nd4 8. Qe3
Nxf3 9. gxf3 Qc7 10. Kb1 Ne7 11. d4 Ng6 12. dxc5 Bxc5 13. Qd2 Rc8 14. Na4 Bb4
15. c3 Be7 16. c4 O-O 17. Qd4 Bf6 18. Qxb6 Bxb2 19. Qxc7 Rxc7 20. Kxb2 f5 21.
Bd3 fxe4 22. Bxe4 Bxe4 23. fxe4 Rxf2+ 24. Ka3 Ne5 25. Rdf1 Re2 26. Re1 Rxe1 27.
Rxe1 Kf7 28. Rf1+ Ke7 29. Kb4 Nc6+ 30. Kc5 Rb7 31. Nb6 Rc7 32. Na4 Rb7 33. Nb6
Rc7 1/2-1/2

[Event "ch-ISL 2017"]
[Site "Hafnarfjordur ISL"]
[Date "2017.05.11"]
[Round "2.1"]
[White "Thorfinnsson, Bjorn"]
[Black "Stefansson, Hannes"]
[Result "1/2-1/2"]
[WhiteTitle "IM"]
[BlackTitle "GM"]
[WhiteElo "2407"]
[BlackElo "2566"]
[WhiteFideId "2300982"]
[BlackFideId "2300087"]
[EventDate "2017.05.10"]

1. c4 e5 2. g3 Nf6 3. Bg2 Bc5 4. Nc3 c6 5. e3 O-O 6. Nge2 d5 7. cxd5 Nxd5 8.
Nxd5 cxd5 9. d4 Bb4+ 10. Bd2 Bxd2+ 11. Qxd2 e4 12. O-O Qd6 13. Rfc1 Nc6 14. h4
Nd8 15. Rc2 Ne6 16. Rac1 Bd7 17. Bh3 Bc6 18. Qa5 f5 19. b4 Qd7 20. Nf4 Nxf4 21.
exf4 a6 22. Qb6 Rf6 23. Bf1 Re6 24. Rc3 Qe7 25. Qc5 Qd8 26. Qa5 Qe8 27. Re3 Rd6
28. Be2 Qd8 29. Qxd8+ Rdxd8 30. Rec3 Kf7 31. Kf1 Ke6 32. Rc5 Kd6 33. Ke1 Rdc8
34. Kd2 b6 35. R5c3 Bb7 36. Rxc8 Rxc8 37. Rxc8 Bxc8 38. Kc3 Ke7 39. Kd2 Kf6 1/2-1/2

[Event "ch-ISL 2017"]
[Site "Hafnarfjordur ISL"]
[Date "2017.05.13"]
[Round "3.2"]
[White "Stefansson, Vignir Vatnar"]
[Black "Steingrimsson, Hedinn"]
[Result "1/2-1/2"]
[WhiteTitle "FM"]
[BlackTitle "GM"]
[WhiteElo "2334"]
[BlackElo "2562"]
[WhiteFideId "2308649"]
[BlackFideId "2300117"]
[EventDate "2017.05.10"]

1. d4 Nf6 2. c4 e6 3. Nc3 Bb4 4. Qc2 d5 5. a3 Bxc3+ 6. Qxc3 O-O 7. Nf3 dxc4 8.
Qxc4 b6 9. Bg5 Ba6 10. Qa4 c5 11. dxc5 bxc5 12. Rc1 Qb6 13. Bxf6 gxf6 14. Rc2
Rd8 15. e3 Bxf1 16. Rxf1 Nd7 17. Ke2 a5 18. Rd1 Ne5 19. Nxe5 Rxd1 20. Kxd1 Qd6+
21. Rd2 Qxe5 22. Qf4 Qh5+ 23. Qf3 Qxf3+ 24. gxf3 Kf8 25. Rd7 Ke8 26. Rc7 Rd8+
27. Ke2 Rb8 28. Rxc5 Rxb2+ 29. Kf1 a4 30. Rc4 Ra2 31. Rxa4 f5 32. Kg2 Ke7 33. f4
Kf6 34. h4 Kg6 35. Ra7 Ra1 36. h5+ Kxh5 37. Rxf7 Kg6 38. Re7 Kf6 39. Rxh7 Rxa3
40. Rb7 Ra2 41. Rb3 Ra1 42. f3 Ra2+ 43. Kg3 Re2 1/2-1/2

[Event "ch-ISL 2017"]
[Site "Hafnarfjordur ISL"]
[Date "2017.05.14"]
[Round "4.2"]
[White "Bjornsson, Sigurbjorn"]
[Black "Stefansson, Hannes"]
[Result "1/2-1/2"]
[WhiteTitle "FM"]
[BlackTitle "GM"]
[WhiteElo "2268"]
[BlackElo "2566"]
[WhiteFideId "2300974"]
[BlackFideId "2300087"]
[EventDate "2017.05.10"]

1. e4 e6 2. d4 d5 3. Nc3 Nf6 4. e5 Nfd7 5. f4 c5 6. Nf3 Nc6 7. Be3 Be7 8. Qd2
O-O 9. dxc5 Nxc5 10. O-O-O a6 11. Nd4 Qc7 12. Kb1 b5 13. Bd3 Nxd4 14. Bxd4 b4
15. Ne2 a5 16. g4 a4 17. Ng3 b3 18. f5 Nxd3 19. cxd3 Bg5 20. Qc3 Qxc3 21. Bxc3
bxa2+ 22. Kxa2 Be3 23. f6 g6 24. Ne2 Ba6 25. Bd4 Bh6 26. h4 Rfc8 27. g5 Bf8 28.
h5 a3 29. hxg6 fxg6 30. Nf4 axb2 31. Kb1 Ba3 32. Bxb2 Bxb2 33. Kxb2 Rab8+ 34.
Ka1 Rb4 35. Rxh7 Kxh7 36. Rh1+ Kg8 37. Nxg6 Rc5 38. Ne7+ Kf7 39. g6+ Ke8 40. Nc6
Rxc6 41. Rh8+ Kd7 42. Rh7+ Kc8 43. f7 Ra4+ 44. Kb2 Rb6+ 45. Kc2 Ra2+ 46. Kc3
Ra3+ 47. Kd4 Rxd3+ 48. Kc5 Rb5+ 49. Kd6 Rb6+ 50. Kc5 Rb5+ 51. Kd6 Rb6+ 52. Kc5 1/2-1/2

[Event "ch-ISL 2017"]
[Site "Hafnarfjordur ISL"]
[Date "2017.05.14"]
[Round "4.3"]
[White "Kjartansson, Gudmundur"]
[Black "Ragnarsson, Dagur"]
[Result "1/2-1/2"]
[WhiteTitle "IM"]
[BlackTitle "FM"]
[WhiteElo "2437"]
[BlackElo "2320"]
[WhiteFideId "2301318"]
[BlackFideId "2304058"]
[EventDate "2017.05.10"]

1. Nf3 d5 2. g3 Bg4 3. Bg2 Nd7 4. O-O e6 5. h3 Bh5 6. d3 Bd6 7. e4 Ne7 8. Qe2 c5
9. g4 Bg6 10. e5 Bb8 11. c4 O-O 12. Bg5 f6 13. exf6 gxf6 14. Bh6 Re8 15. Nc3 Nc6
16. cxd5 exd5 17. Qd1 Nb6 18. d4 cxd4 19. Nxd4 Be5 20. Nce2 Qd6 21. b3 f5 22.
Qd2 fxg4 23. hxg4 Qf6 24. Bg5 Qg7 25. Be3 Qd7 26. f3 Qe7 27. Rae1 Qh4 28. f4
Bxd4 29. Nxd4 Qxg4 30. f5 Bf7 31. Rf4 Qg3 32. Rf3 Qh4 33. Rh3 Qf6 34. Rg3+ Kh8
35. Nxc6 bxc6 36. Re2 c5 37. Bxc5 Rxe2 38. Qxe2 Nd7 39. Bf2 Rg8 40. Rxg8+ Kxg8
41. Qg4+ Kf8 42. Qb4+ Kg8 43. Qg4+ Kf8 44. Bd4 Qh6 45. Bxa7 Qc1+ 46. Bf1 Nf6 47.
Qb4+ Kg7 48. Qh4 Ne4 49. Bd4+ Kf8 50. a4 Qd1 51. Qh6+ Ke7 52. Qh4+ Kf8 53. Be3
Be8 54. Qxh7 Bf7 55. Qh4 Be8 56. Qh8+ Kf7 57. Qe5 Qg4+ 58. Bg2 Qd1+ 59. Bf1 Qg4+
60. Bg2 Qd1+ 61. Bf1 1/2-1/2

[Event "ch-ISL 2017"]
[Site "Hafnarfjordur ISL"]
[Date "2017.05.14"]
[Round "4.5"]
[White "Birkisson, Bardur Orn"]
[Black "Stefansson, Vignir Vatnar"]
[Result "1/2-1/2"]
[BlackTitle "FM"]
[WhiteElo "2162"]
[BlackElo "2334"]
[WhiteFideId "2310597"]
[BlackFideId "2308649"]
[EventDate "2017.05.10"]

1. Nf3 Nf6 2. d4 b6 3. Bf4 Ba6 4. Nbd2 e6 5. c4 Bb7 6. e3 c5 7. Bd3 Be7 8. h3
O-O 9. O-O cxd4 10. exd4 d5 11. Rc1 Nc6 12. a3 dxc4 13. Nxc4 Kh8 14. Bb1 Rc8 15.
Re1 b5 16. Ne3 Na5 17. Rxc8 Qxc8 18. Nf5 exf5 19. Rxe7 Nd5 20. Bd6 Nxe7 21. Bxe7
Re8 22. Bc5 Qe6 23. Bd3 a6 24. Ng5 Qe1+ 25. Qxe1 Rxe1+ 26. Kh2 Rd1 27. Bxf5 Bd5
28. Bc8 h6 29. b4 Nb3 30. Nf3 a5 31. bxa5 Nxa5 32. Bd7 Bxf3 33. gxf3 Nb3 34.
Bxb5 Nxc5 35. dxc5 Rd5 36. a4 Rxc5 37. f4 g6 38. Kg3 Rc3+ 39. f3 Ra3 40. Kg4 Kg7
41. h4 Kf6 42. Bc6 Ra1 43. Kg3 Rg1+ 44. Kf2 Rh1 45. Kg3 Ke7 46. Bb5 Kd6 47. Be8
f6 48. a5 Ra1 49. a6 Kc5 50. a7 Rxa7 51. Bxg6 Kd4 52. Kg4 Ke3 53. f5 Ra4+ 54.
Kh5 Kxf3 55. Kxh6 Rxh4+ 56. Kg7 Rf4 57. Kxf6 Rxf5+ 58. Bxf5 1/2-1/2

[Event "ch-ISL 2017"]
[Site "Hafnarfjordur ISL"]
[Date "2017.05.16"]
[Round "6.5"]
[White "Stefansson, Vignir Vatnar"]
[Black "Kjartansson, David"]
[Result "1/2-1/2"]
[WhiteTitle "FM"]
[BlackTitle "FM"]
[WhiteElo "2334"]
[BlackElo "2389"]
[WhiteFideId "2308649"]
[BlackFideId "2301130"]
[EventDate "2017.05.10"]

1. d4 d6 2. e4 Nf6 3. Bc4 e6 4. Qe2 Nc6 5. Nf3 Be7 6. e5 Nd5 7. O-O Nb6 8. Bb3
a5 9. a4 Nb4 10. c3 N4d5 11. Qe4 h5 12. h4 Bd7 13. Ng5 Bc6 14. Qf3 Bxg5 15. Bxg5
f6 16. exf6 gxf6 17. Bd2 Kf7 18. Re1 Qg8 19. Bg5 Qg6 20. Nd2 Qf5 21. Qxf5 exf5
22. Be3 Rhg8 23. f3 Kg7 24. Nc4 Rge8 25. Nxb6 Nxb6 26. Kf2 Bd5 27. Bc2 Nc4 28.
b3 Nxe3 29. Rxe3 Rxe3 30. Kxe3 Re8+ 31. Kd2 f4 32. c4 Bf7 33. Be4 c6 34. Re1 d5
35. Bd3 Rxe1 36. Kxe1 Bg6 37. Bxg6 Kxg6 38. c5 Kf7 39. Kd2 Ke7 40. Kc3 Kd7 41.
b4 Kc7 42. bxa5 Kb8 43. a6 bxa6 44. Kd3 Kc7 45. Ke2 Kd7 46. Kf2 Ke6 47. g4 f5
48. gxf5+ Kxf5 49. a5 1/2-1/2

[Event "ch-ISL 2017"]
[Site "Hafnarfjordur ISL"]
[Date "2017.05.20"]
[Round "9.1"]
[White "Ragnarsson, Dagur"]
[Black "Thorfinnsson, Bjorn"]
[Result "1/2-1/2"]
[WhiteTitle "FM"]
[BlackTitle "IM"]
[WhiteElo "2320"]
[BlackElo "2407"]
[WhiteFideId "2304058"]
[BlackFideId "2300982"]
[EventDate "2017.05.10"]

1. d4 Nf6 2. Nf3 e6 3. c4 c5 4. d5 exd5 5. cxd5 g6 6. Nc3 d6 7. e4 Bg7 8. h3 O-O
9. Bd3 a6 10. a4 Nbd7 11. O-O Qe7 12. Bf4 Ne8 13. Re1 Ne5 14. Bxe5 dxe5 15. a5
Nd6 16. Na4 c4 17. Bf1 b5 18. axb6 Bd7 19. b3 cxb3 20. Qxb3 Bb5 21. Nc5 Rfb8 22.
Bxb5 Rxb6 23. Qe3 Nxb5 24. Nb3 Rab8 25. Na5 Qe8 26. Nc6 R8b7 27. Na5 Rb8 28. Nc6
R8b7 29. Na5 Rb8 30. Nc6 R8b7 1/2-1/2